| 000 | 00810nam a2200253 i 4500 | ||
|---|---|---|---|
| 003 | DO-SdBNP | ||
| 005 | 20250226133107.0 | ||
| 007 | ta | ||
| 008 | 250226t2000 dr a 000 0 spa d | ||
| 040 |
_aDO-SdBNP _bspa _cBNPHU _erda |
||
| 082 |
_axxxx _bP713 _222 |
||
| 100 | 1 |
_aPlante, Marcos _eautor _4aut. _953880 |
|
| 245 | 1 | 3 |
_aLa visión del corazón de Dios / _cMarcos Plante ; ilustraciones, Franklin O. Pérez |
| 250 | _aPrimera edición | ||
| 264 |
_aSanto Domingo : _bEdiciones MSC, _c2000. |
||
| 300 |
_a113 páginas _bilustraciones _c21 cm. |
||
| 336 |
_atexto _btxt _2rdacontent |
||
| 337 |
_asin mediación _bn _2rdamedia |
||
| 338 |
_avolumen _bnc _2rdacarrier |
||
| 590 | _aInventariado, 2025/ YL | ||
| 700 |
_aBello, Leonor _eilustraciones _974616 _4il. |
||
| 910 | _aYLockward | ||
| 942 |
_2ddc _cLBS1 |
||
| 999 |
_c58256 _d58256 |
||